भारतीय सामाजिक समस्‍या (Record no. 25837)

MARC details
000 -LEADER
fixed length control field 00465nam a2200169Ia 4500
008 - FIXED-LENGTH DATA ELEMENTS--GENERAL INFORMATION
fixed length control field 220531s9999 xx 000 0 und d
041 ## - LANGUAGE CODE
Language code of text/sound track or separate title mar
100 ## - MAIN ENTRY--PERSONAL NAME
Personal name गंदेवार एस.एन.
9 (RLIN) 43485
245 ## - TITLE STATEMENT
Title भारतीय सामाजिक समस्‍या
250 ## - EDITION STATEMENT
Edition statement 1ST
260 ## - PUBLICATION, DISTRIBUTION, ETC. (IMPRINT)
Name of publisher, distributor, etc. Vidyabharati
Date of publication, distribution, etc. 1999
300 ## - PHYSICAL DESCRIPTION
Extent 229
542 ## - INFORMATION RELATING TO COPYRIGHT STATUS
Copyright holder 13-08-2001
650 ## - SUBJECT ADDED ENTRY--TOPICAL TERM
Topical term or geographic name as entry element Sociology
9 (RLIN) 43486
906 ## - LOCAL DATA ELEMENT F, LDF (RLIN)
d 2001-2002
f 8300
Holdings
Withdrawn status Lost status Source of classification or shelving scheme Damaged status Not for loan Home library Current library Date acquired Vendor Cost, normal purchase price Total Checkouts Total Holds Full call number Barcode Date last seen Bill Date Koha item type Original Barcode
Withdrawn   Dewey Decimal Classification     Shri Siddhivinayak Mahila Mahavidyalaya Shri Siddhivinayak Mahila Mahavidyalaya 13/08/2001 Onkar 110.00   1 /-/B/6823 SSMM-BK-6823 06/08/2022 06/08/2022 Books 010006823